MARC details
| 000 -LEADER |
| fixed length control field |
01217nam a2200301 a 4500 |
| 001 - CONTROL NUMBER |
| control field |
4782699 |
| 003 - CONTROL NUMBER IDENTIFIER |
| control field |
BDDh-ASL |
| 005 - DATE AND TIME OF LATEST TRANSACTION |
| control field |
20231015025802.0 |
| 008 - FIXED-LENGTH DATA ELEMENTS--GENERAL INFORMATION |
| fixed length control field |
861224s1980 enkab b 100 0 eng c |
| 010 ## - LIBRARY OF CONGRESS CONTROL NUMBER |
| LC control number |
86673992 |
| 020 ## - INTERNATIONAL STANDARD BOOK NUMBER |
| International Standard Book Number |
0391011294 (Humanities) |
| 040 ## - CATALOGING SOURCE |
| Original cataloging agency |
MH |
| Transcribing agency |
MH |
| Modifying agency |
BDDh-ASL |
| 043 ## - GEOGRAPHIC AREA CODE |
| Geographic area code |
a------ |
| 050 14 - LIBRARY OF CONGRESS CALL NUMBER |
| Classification number |
HT147.S64 |
| Item number |
C57x 1980 |
| 082 ## - DEWEY DECIMAL CLASSIFICATION NUMBER |
| Classification number |
954 |
| Item number |
BAC |
| 245 04 - TITLE STATEMENT |
| Title |
The City in South Asia : |
| Remainder of title |
pre-modern and modern / |
| Statement of responsibility, etc. |
edited by Kenneth Ballhatchet and John Harrison. |
| 260 ## - PUBLICATION, DISTRIBUTION, ETC. |
| Place of publication, distribution, etc. |
London : |
| Name of publisher, distributor, etc. |
Curzon Press ; |
| Place of publication, distribution, etc. |
Atlantic Highlands, NJ, USA : |
| Name of publisher, distributor, etc. |
Humanities Press, |
| Date of publication, distribution, etc. |
1980. |
| 300 ## - PHYSICAL DESCRIPTION |
| Extent |
xiii, 342 p. : |
| Other physical details |
ill., maps ; |
| Dimensions |
23 cm. |
| 440 #0 - SERIES STATEMENT/ADDED ENTRY--TITLE |
| Title |
Collected papers on South Asia, |
| International Standard Serial Number |
0141-0156 ; |
| Volume/sequential designation |
no. 3 |
| 500 ## - GENERAL NOTE |
| General note |
"Selection of papers presented to an inter-disciplinary seminar which has been meeting at SOAS, under the auspices of the Centre of South Asian Studies, since 1975"--P. ix. |
| 504 ## - BIBLIOGRAPHY, ETC. NOTE |
| Bibliography, etc. note |
Includes bibliographies. |
| 650 #0 - SUBJECT ADDED ENTRY--TOPICAL TERM |
| Topical term or geographic name entry element |
Cities and towns |
| Geographic subdivision |
South Asia |
| General subdivision |
Congresses. |
| 700 1# - ADDED ENTRY--PERSONAL NAME |
| Personal name |
Ballhatchet, Kenneth. |
| 700 1# - ADDED ENTRY--PERSONAL NAME |
| Personal name |
Harrison, John, |
| Dates associated with a name |
1919- |
| 710 2# - ADDED ENTRY--CORPORATE NAME |
| Corporate name or jurisdiction name as entry element |
University of London. |
| Subordinate unit |
Centre of South Asian Studies. |
| 906 ## - LOCAL DATA ELEMENT F, LDF (RLIN) |
| a |
7 |
| b |
cbc |
| c |
orignew |
| d |
u |
| e |
ncip |
| f |
19 |
| g |
y-gencatlg |
| 942 ## - ADDED ENTRY ELEMENTS (KOHA) |
| Source of classification or shelving scheme |
Dewey Decimal Classification |
| Koha item type |
Books |